000 00413nam a2200157Ia 4500
008 210210b1992 xxu||||| |||| 00| 0 eng d
020 _a0 07 112889 1
082 _a658.3 WALH
100 _aWALKER (James W).
245 _aHuman resource strategy.
260 _aNew York.
_bMcGraw-Hill,
_c1992
300 _axiv,378
650 _aHuman Resource Strategy
690 _aPersonnel Management
906 _a052687
999 _c101112
_d101112